| 000 | 00334nam a22001337a 4500 | ||
|---|---|---|---|
| 020 | _a81-87386-59-2 | ||
| 082 |
_a200 _bJOH/C |
||
| 100 | _aJOHN, THOMAS | ||
| 245 |
_aCRY FOR AN AWAKENING _bMISSION OF THE INDIAN CONTEXT |
||
| 260 |
_aTHIRUVALLA _bREADERS PUBLICATIONS _c2003 |
||
| 300 | _a129 | ||
| 650 |
_aRELIGIOUS _zINDIA |
||
| 942 | _cBK | ||
| 999 |
_c5128 _d5128 |
||